000 00718nam a2200229 u 4500
005 20240228063749.0
008 180417s2007 ec r 000 0 spa d
020 _a9789978492543
035 _aUPN01000224124
049 _aI
050 4 _aPZ74.3
_bB7.4
100 1 _aBravo Velásquez, Leonor,
_d1953-
_933269
245 1 4 _aLos lentes de las abuelitas /
_cLeonor Bravo Velásquez ; il. Eulalia Cornejo Coello.
260 _aQuito :
_bLIBRESA,
_c2007.
300 _a24 p. :
_bprincipalmente il. col.
440 0 _aGarabato
650 4 _aRimas infantiles
_910247
650 7 _aAbuelas
_vLiteratura infantil
_2
_94408
650 7 _aLibros ilustrados para niños
_2
_921365
905 _aInfantil
999 _c196221
_d196221